Odbyt a prodej

Salvato in:
Dettagli Bibliografici
Natura: Libro
Lingua:ceco
Pubblicazione: Praha Tiskářské a vydavatelské družstvo československého obchodnictva 1948
Tags: Aggiungi Tag
Nessun Tag, puoi essere il primo ad aggiungerne!!

MARC

LEADER 00000nam a2200000 4500
001 0268838
005 20240822101713.0
041 0 |a cze 
044 |a -CS 
245 1 0 |a Odbyt a prodej  |c Jan Brabec 
264 1 |a Praha  |b Tiskářské a vydavatelské družstvo československého obchodnictva  |c 1948